LDR 02212namaa2200397 i 4500 001 000000178658 003 CaOOAMICUS 005 20260410165126.0 007 tu 008 260410s2023 it 000 u ita r 020 $a979-12-211-0160-7* 040 $aPUL$bita$erda 082 0 $a323.44 245 00$aParole pericolose :$bconflitto e bilanciamento tra libertà e limiti : una prospettiva trasversale : atti del Workshop tenutosi il 25 marzo 2021, presso l'Università degli studi di Milano /$ca cura di Sara V. Parini ; presentazione di Marilisa D'Amico. 264 4$c©2023. 264 1$aTorino :$bGiappichelli,$c2023. 300 $axix, 200 pagine ;$c24 cm 336 $atesto$btxt$2rdacontent 337 $asenza mediazione$bn$2rdamedia 338 $avolume$bnc$2rdacarrier 490 1 $aPubblicazioni del Dipartimento di diritto pubblico italiano e sovranazionale ;$v106 504 $aBibliografia in nota ed a pagine [189]-200. 650 4$aDati personali (diritto)$xTutela.$0(OLS)http://pul/subject/45665 650 4$aLibertà di espressione$zEuropa.$0(OLS)http://pul/subject/27697 700 1 $aD'Amico, Marilisa,$d1965-,$eautore di introduzione.$0(OLS)http://pul/name/22937 700 1 $aParini, Sara Veronica,$d1971-,$ecuratore.$0(OLS)http://pul/name/114963 830 0$aPubblicazioni del Dipartimento di diritto pubblico italiano e sovranazionale (Università degli studi di Milano. Facoltà di giurisprudenza) ;$v106.$0(OLS)http://pul/title/209178 850 $aPUL 852 $aPUL$W1$xSL Diritto e Scienze Sociali 3$y79$m323. 44 PARSA 1$j202421$qDDC 21$B207826$CPULBib$Z2$F207826 $H138532 $82 941 1 $a9 996 $6020$a979-12-211-0160-7*$9(OLS)http://pul/number/170922 996 $6082$a323.44$9(OLS)http://pul/classification/675 996 $6245$aParole pericolose :$bconflitto e bilanciamento tra libertà e limiti : una prospettiva trasversale : atti del Workshop tenutosi il 25 marzo 2021, presso l'Università degli studi di Milano$9(OLS)http://pul/title/220236 996 $6264$aTorino :$bGiappichelli$9(OLS)http://pul/publisher/48244 996 $6264$a[S.l.] :$b[s.n.]$9(OLS)http://pul/publisher/0